|
|
|
|
| LEADER |
00000nam a2200000 4500 |
| 001 |
vtls012227647 |
| 003 |
SK-MaSNL |
| 005 |
20260331212318.0 |
| 008 |
230417s2022 xo o g c 000 0 slo |
| 015 |
|
|
|a SNBE2023
|
| 020 |
|
|
|a 9788057038108
|q (brožované)
|
| 040 |
|
|
|a SNK
|b slo
|c SNK
|e rda
|
| 041 |
0 |
|
|a slo
|
| 043 |
|
|
|a e-xo---
|
| 044 |
|
|
|a xo
|c SK
|
| 072 |
|
7 |
|a 77
|x Fotografia. Fotografické postupy
|2 konspekt
|
| 080 |
|
|
|a 77.04
|2 2011
|
| 080 |
|
|
|a 77.03
|2 2011
|
| 080 |
|
|
|a (437.6)
|2 2011
|
| 080 |
|
|
|a (083.824)
|2 2011
|
| 080 |
|
|
|a (084.12)
|2 2011
|
| 100 |
1 |
|
|a Ondruš, Radovan
|4 art
|4 pht
|9 401404
|
| 245 |
1 |
0 |
|a Radovan Ondruš: Analógový denník 2020-2021
|c autor fotografií: Radovan Ondruš ; grafické spracovanie: Lukáš Rykr
|
| 246 |
3 |
0 |
|a Analógový denník 2020-2021
|
| 250 |
|
|
|a 2. vydanie
|
| 264 |
|
1 |
|a [Solčany
|b autor vlastným nákladom]
|c 2022
|
| 300 |
|
|
|a 176 nečíslovaných strán
|b fotografie
|c 21 x 24 cm
|
| 336 |
|
|
|a text
|b txt
|2 rdacontent
|
| 336 |
|
|
|a statický obraz
|b sti
|2 rdacontent
|
| 337 |
|
|
|a bez média
|b n
|2 rdamedia
|
| 338 |
|
|
|a zväzok
|b nc
|2 rdacarrier
|
| 366 |
|
|
|e 50 kusov
|
| 500 |
|
|
|a Názov z obálky
|
| 600 |
1 |
7 |
|a Ondruš, Radovan
|2 SNKMA
|9 401404
|
| 648 |
|
7 |
|a 21. storočie
|2 SNKPH
|9 301294
|
| 648 |
|
7 |
|a 21st century
|2 SNKPHeng
|9 303236
|
| 648 |
|
7 |
|a 2020-2021
|2 SNKPH
|9 367695
|
| 650 |
0 |
7 |
|a umelecká fotografia
|2 SNKPH
|9 29370
|
| 650 |
0 |
7 |
|a Artistic photography
|2 SNKPHeng
|9 311568
|
| 650 |
0 |
7 |
|a dokumentárna fotografia
|2 SNKPH
|9 75934
|
| 650 |
0 |
7 |
|a Documentary photography
|2 SNKPHeng
|9 274856
|
| 651 |
|
7 |
|a Slovensko
|2 SNKPH
|9 14231
|
| 651 |
|
7 |
|a Slovakia
|2 SNKPHeng
|9 92630
|
| 655 |
|
7 |
|a katalógy výstav
|2 SNKPHeng
|9 70445
|
| 655 |
|
7 |
|a Exhibition catalogs
|2 SNKPHeng
|9 266232
|
| 655 |
|
7 |
|a fotografické publikácie
|2 SNKPH
|9 70483
|
| 655 |
|
7 |
|a Photographic publication
|2 SNKPHeng
|9 266858
|
| 700 |
1 |
|
|a Rykr, Lukáš
|4 bkd
|9 401405
|
| 852 |
|
|
|a Slovenská národná knižnica
|
| 919 |
|
|
|a 978-80-570-3810-8
|
| 954 |
|
|
|a obrazové publikácie zamerané na výtvarné umenie a fotografiu pôvodné (slovenské)
|2 lita
|
| 964 |
9 |
|
|a Radovan Ondruš (Solčnay)
|
| 999 |
|
|
|c 652437
|d 654367
|
| 952 |
|
|
|a SNK
|b SNK
|y VYP
|7 0
|p 17A1527891
|o snkOSC 29944 D1
|i snk2023/6103
|8 0
|0 0
|1 0
|4 0
|d 2023-04-17
|l 0
|r 2026-02-23 18:26:13
|w 2026-02-23
|
| 952 |
|
|
|a SNK
|b SNK
|y PREZ
|7 0
|p 17A1527892
|o snkOSC 29944
|i snk2023/6102
|8 0
|0 0
|1 0
|4 0
|d 2023-04-17
|l 0
|r 2026-02-23 18:26:13
|w 2026-02-23
|